U.S. National Parks Groups of Five - Statistics

General Stats
  • This quiz has been taken 33 times
  • The average score is 14 of 25
Answer Stats
Most Visited % Correct
Yellowstone
92%
Denali
88%
Death Valley
84%
Yosemite
84%
Great Smoky Mountains
76%
Everglades
72%
Grand Canyon
72%
Zion
68%
Gateway Arch
64%
Big Bend
60%
Sequoia
60%
Isle Royale
56%
Gates of the Arctic
48%
Wrangell-St. Elias
48%
Hot Springs
44%
Hot Springs
44%
Katmai
44%
Mount Rainier
44%
Saguaro
44%
Glacier Bay
40%
Indiana Dunes
40%
Lake Clark
40%
Kobuk Valley
32%
American Samoa
28%
Virgin Islands
28%
No matching quizzes found
Score Distribution
Percent of People with Each Score
Percentile by Number Answered
Your Score History
You have not taken this quiz